Эмиссия электронов и ионов при взаимодействии диссоциированных газов с твердыми телами: диссертация на соискание ученой степени кандидата физико-математических наук

Bibliographic Details
Main Author: Харламов В. Ф. Владимир Федорович
Corporate Author: Томский политехнический институт
Other Authors: Власов А. Г. (научный руководитель), Стыров В. В. Владислав Владимирович
Language:Russian
Published: Томск, [Б. и.], 1975
Subjects:
Format: Book
KOHA link:https://koha.lib.tpu.ru/cgi-bin/koha/opac-detail.pl?biblionumber=352065

MARC

LEADER 00000nbm0a2200000 4500
001 352065
005 20231102010449.0
035 |a (RuTPU)RU\TPU\retro\8236 
090 |a 352065 
100 |a 20191114d1975 k y0rusy50 ca 
101 0 |a rus 
102 |a RU 
105 |a a m 001zy 
200 1 |a Эмиссия электронов и ионов при взаимодействии диссоциированных газов с твердыми телами  |e диссертация на соискание ученой степени кандидата физико-математических наук 
210 |a Томск  |c [Б. и.]  |d 1975 
215 |a 189 л.  |c ил. 
320 |a Библиогр.: с. 183-189 105 назв.) 
606 1 |a Ионная эмиссия  |2 stltpush  |3 (RuTPU)RU\TPU\subj\13076  |9 39752 
606 1 |a Электронная эмиссия  |2 stltpush  |3 (RuTPU)RU\TPU\subj\20379  |9 45488 
610 1 |a поверхностные явления 
610 1 |a кристаллы 
610 1 |a атомы 
610 1 |a электронная подсистема 
610 1 |a ионная подсистема 
610 1 |a простые газы 
610 1 |a молекулы 
610 1 |a атмосфера 
610 1 |a отрицательные ионы 
610 1 |a положительные ионы 
610 1 |a диссертации 
610 1 |a труды учёных ТПУ 
675 |a 537.533(04)  |v 4 
675 |a 537.533.2(04)  |v 4 
700 1 |a Харламов  |b В. Ф.  |g Владимир Федорович 
702 1 |a Власов  |b А. Г.  |4 727 
702 1 |a Стыров  |b В. В.  |c российский физик  |c профессор Томского политехнического института  |f 1939-  |g Владислав Владимирович  |2 stltpush  |3 (RuTPU)RU\TPU\pers\19871  |4 727 
712 0 2 |a Томский политехнический институт  |c (1944-1991)  |2 stltpush  |3 (RuTPU)RU\TPU\col\1123  |9 23521 
801 1 |a RU  |b 63413507  |c 20191114 
942 |c BK